Представление документа в формате MARC21

Поле Инд. ПП Название Значение
Тип записи a
Библиографический уровень b
001 Контрольный номер RU/IS/BASE/308855747
005 Дата корректировки 20200522191343.3
008 Кодируемые данные 20091014
040 b Код языка каталог. rus
e Правила каталог. PSBO
041 0_ a Код языка текста rus
084 a Индекс другой классификации/Индекс ББК 66.2(5Кит)
100 1_ a Автор Дробот Г. А.
q Полное имя Дробот Галина Анатольевна
245 10 a Заглавие Китай в мировой политике: ресурсы, цели, проблемы, отношения с Россией
504 a Библиография Библиогр.: с. 49
650 a Основная рубрика политика
a Основная рубрика современное политическое положение
653 a Ключевые слова внешнеполитические цели
a Ключевые слова внешняя политика
a Ключевые слова внутренняя политика
a Ключевые слова военные ресурсы
a Ключевые слова демографическая ситуация
a Ключевые слова демографический потенциал
a Ключевые слова демография
a Ключевые слова Китай
a Ключевые слова миграция населения
a Ключевые слова научные ресурсы
a Ключевые слова политические проблемы
a Ключевые слова политические ресурсы
a Ключевые слова российско-китайские отношения
a Ключевые слова Россия
a Ключевые слова социально-экономические проблемы
a Ключевые слова экологические проблемы
a Ключевые слова экология
a Ключевые слова экономика
a Ключевые слова экономические ресурсы
a Ключевые слова экономический рост
a Ключевые слова энергетические проблемы
773 08 t Заглавие источника Вестник Московского университета. Серия 18, Социология и политология
d Дата издания источника 2009
g Прочая информация № 1. - С. 35 - 49
w Контрольный № источника RU/IS/BASE/299591355
901 t Тип документа b